000 01199cab a2200205 4500
001 ABS68542
008 041220n2004 000 0 eng u
035 _a(Sirsi) u128371
100 _aBell, J.
245 _aAct swiftly to settle a breach of safety claim
260 _c2004
490 _aConstruction News
_v (6896) 9 December 2004, 26(1)
520 _aRecommends that a few precautionary measures can reduce the risk of employees getting injured and help to lower the cost of legal fees, damages and breach of safety fines. Discusses an unnamed case where an accident to an employee resulted in him not being able to work in the construction industry again. Claimant contested that the defendants had created false documents, to prove their case that the claimant should have known not to enter an unsupported pit. Suggests the defendant should have admitted liability and worked towards rehabilitating the claimant back to work, which would have resulted in smaller damages and costs.
590 _aABS
650 _aCONSTRUCTION (HEALTH, SAFETY AND WELFARE) REGULATIONS 1996
650 _aWORKPLACE ACCIDENTS
650 _aDAMAGES
690 _aHealth and safety
_96244
942 _n0
999 _c74687
_d74687